TV Title Meanings Quiz Stats

 Plays Quiz Updated Sep 19, 2018

Challenge
Share
Tweet
Embed
Score 0/26 Timer 05:00
2 Plays Today
TV Show Meaning of Letters/Acronymns % Correct
NYPD BlueNew York Police Department
92.9%
EREmergency Room
92.6%
CSI: MiamiCrime Scene Investigation
89.6%
L.A. LawLos Angeles
88.6%
The O.C.Orange County
82.7%
Magnum, P.I.Private Investigator
80.1%
True Jackson, VPVice President
79.9%
The F.B.I.Federal Bureau of Investigation
77.7%
Marcus Welby, M.D.Medical Doctor
74.6%
The D.A.District Attorney
67.6%
Harper Valley P.T.A.Parent-Teacher Association
53.4%
Quincy, M.E.Medical Examiner
52.8%
Gomer Pyle, U.S.M.C.United States Marine Corps
52%
TV Show Meaning of Letters/Acronymns % Correct
ALFAlien Life Form
43.8%
CHiPsCalifornia Highway Patrol
35.8%
VVisitors
26.3%
S.W.A.T.Special Weapons and Tactics
26.1%
M*A*S*HMobile Army Surgical Hospital
25.6%
JAGJudge Advocate General
25%
NCIS: Los AngelesNaval Criminal Investigative Service
14.7%
Emerald Point N.A.S.Naval Air Station
8%
Mayberry R.F.D.Rural Free Delivery
7.7%
T. J. HookerThomas Jefferson
7.4%
B.J. and the BearBillie Joe
5.9%
The PJs (animated)Projects
5.9%
The Man From U.N.C.L.EUnited Network Command for Law and Enforcement
1.9%

You're not logged in!

Compare scores with friends on all Sporcle quizzes.
OR
Log In

You Might Also Like...

Show Comments

Extras

Top Quizzes Today


Score Distribution

Your Account Isn't Verified!

In order to create a playlist on Sporcle, you need to verify the email address you used during registration. Go to your Sporcle Settings to finish the process.

Report this User

Report this user for behavior that violates our Community Guidelines.

Details: